Modern electrochemistry (Record no. 1409)

MARC details
000 -LEADER
fixed length control field 00554 a2200169 4500
001 - CONTROL NUMBER
control field 067521
003 - CONTROL NUMBER IDENTIFIER
control field OSt
005 - DATE AND TIME OF LATEST TRANSACTION
control field 20211215114309.0
008 - FIXED-LENGTH DATA ELEMENTS--GENERAL INFORMATION
fixed length control field
082 ## - DEWEY DECIMAL CLASSIFICATION NUMBER
Classification number 541.37
Item number B63M
100 1# - MAIN ENTRY--PERSONAL NAME
Personal name Bockris, John O'M
245 1# - TITLE STATEMENT
Title Modern electrochemistry
Statement of responsibility, etc by John O'M Bockris
260 ## - PUBLICATION, DISTRIBUTION, ETC. (IMPRINT)
Place of publication, distribution, etc New York
Name of publisher, distributor, etc Springer
Date of publication, distribution, etc 2008
300 ## - PHYSICAL DESCRIPTION
Extent 1540-2053p.
653 ## - INDEX TERM--UNCONTROLLED
Uncontrolled term Electrochemistry; Ions; Chemistry; Physical organic chemistry; Chemistry, Physical and theoretical
-- Analytical biochemistry; Neurosciences; Toxicology
942 ## - ADDED ENTRY ELEMENTS (KOHA)
Source of classification or shelving scheme Dewey Decimal Classification
Koha item type Books
Holdings
Withdrawn status Lost status Source of classification or shelving scheme Damaged status Not for loan Collection code Home library Current library Date acquired Source of acquisition Cost, normal purchase price Total Checkouts Full call number Barcode Date last seen Date checked out Price effective from Koha item type
    Dewey Decimal Classification     General Text Book Central University Of Rajasthan Central University Of Rajasthan 07/03/2012 CHM 995.00 1 541.37 B63M 1807 12/12/2025 15/07/2025 02/09/2020 Books